000 00508nam a2200181Ia 4500
005 20250326124950.0
008 250326s9999 xx 000 0 und d
037 _aTextbook
040 _aFMSL
_beng
_cFMSL
041 _aeng
_2eng
084 _aX:8F L5
_qFMSL
100 _aDearden J
_9735551
245 0 _aFicial accounting and reporting
_cDearden J; Shank J
260 _aNew Jersey
_bNew Jersey, Prentice-Hall
_c1975
300 _a626p
942 _cTB
_hX:8F L5
999 _c1275952
_d1275952